| 000 | 00837nam a2200121Ia 4500 | ||
|---|---|---|---|
| 008 | 220615s9999||||xx |||||||||||||| ||und|| | ||
| 100 | _aA. Ross, David||G. Smith, Peter||H. Morrow, Richard | ||
| 245 | 0 | _aChapter 7 Trial governance | |
| 546 | _aEnglish[eng] | ||
| 650 | _aprocedures||methods||field trials||disease control||interventions||health | ||
| 856 | _uhttps://library.oapen.org/bitstream/20.500.12657/29889/1/Trial%20governance%20-%20Field%20Trials%20of%20Health%20Interventions%20-%20NCBI%20Bookshelf.pdf||https://library.oapen.org/bitstream/20.500.12657/29889/1/Trial%20governance%20-%20Field%20Trials%20of%20Health%20Interventions%20-%20NCBI%20Bookshelf.pdf||https://library.oapen.org/bitstream/20.500.12657/29889/1/Trial%20governance%20-%20Field%20Trials%20of%20Health%20Interventions%20-%20NCBI%20Bookshelf.pdf | ||
| 942 | _cEB | ||
| 999 |
_c13969 _d13969 |
||